000 00465nam a2200181Ia 4500
001 8062
005 20260306160541.0
008 260306t2012||||xx |||||||||||||| ||spa||
041 _aESP
082 _a370.1
_bG67 V. 1
100 _aGonzález Moreyra, Raúl
_eAUT
245 0 _aParadojas de la educación peruana:
_banálisis de una década
260 _c2012
300 _a143 páginas :
_c22 cm.
650 _aGEN
654 _aCED
942 _cLIB
_dJUS
_fJUS
_2ddc
_n
999 _c8062
_d8062